| 000 | 00729nam a22002297a 4500 | ||
|---|---|---|---|
| 005 | 20250131115729.0 | ||
| 008 | 250131b |||||||| |||| 00| 0 eng d | ||
| 020 | _a978-93-91109-01-1 (hbk) | ||
| 037 | _cTB | ||
| 040 |
_aCRL _cCRL |
||
| 041 |
_2eng _aeng |
||
| 084 |
_aV2y7N50 R2 _qCRL |
||
| 100 |
_aBaghel, Virendra Singh _9734908 |
||
| 245 | _aModi diplomacy | ||
| 260 |
_aNew Delhi, India: _bThe Readers Paradise, _c2022 |
||
| 300 | _a321p. | ||
| 365 |
_b1295.00 _cINR |
||
| 650 |
_aIndia - History _9734909 |
||
| 650 |
_aModi, Narendra Damodar _9734910 |
||
| 942 |
_2CC _cTB _hV2y7N50 R2 _n0 |
||
| 999 |
_c1238326 _d1238326 |
||